<?xml version="1.0" encoding="UTF-8"?><?xml-stylesheet type="text/xsl" href="static/style.xsl"?><OAI-PMH xmlns="http://www.openarchives.org/OAI/2.0/" xmlns:xsi="http://www.w3.org/2001/XMLSchema-instance" xsi:schemaLocation="http://www.openarchives.org/OAI/2.0/ http://www.openarchives.org/OAI/2.0/OAI-PMH.xsd"><responseDate>2026-04-13T07:31:20Z</responseDate><request verb="GetRecord" identifier="oai:www.recercat.cat:2117/110290" metadataPrefix="marc">https://recercat.cat/oai/request</request><GetRecord><record><header><identifier>oai:recercat.cat:2117/110290</identifier><datestamp>2025-07-17T15:52:31Z</datestamp><setSpec>com_2072_1033</setSpec><setSpec>col_2072_452951</setSpec></header><metadata><record xmlns="http://www.loc.gov/MARC21/slim" xmlns:dcterms="http://purl.org/dc/terms/" xmlns:xsi="http://www.w3.org/2001/XMLSchema-instance" xmlns:doc="http://www.lyncode.com/xoai" xsi:schemaLocation="http://www.loc.gov/MARC21/slim http://www.loc.gov/standards/marcxml/schema/MARC21slim.xsd">
   <leader>00925njm 22002777a 4500</leader>
   <datafield ind2=" " ind1=" " tag="042">
      <subfield code="a">dc</subfield>
   </datafield>
   <datafield ind2=" " ind1=" " tag="720">
      <subfield code="a">Jené Vinuesa, Marc</subfield>
      <subfield code="e">author</subfield>
   </datafield>
   <datafield ind2=" " ind1=" " tag="260">
      <subfield code="c">2017-06-15</subfield>
   </datafield>
   <datafield ind2=" " ind1=" " tag="520">
      <subfield code="a">El projecte busca estudiar la possibilitat d’implementar una instal·lació solar per a aigua&#xd;
calenta i per a calefacció en una masia que exerceix com a habitatge unifamiliar. Un cop&#xd;
dissenyat el sistema es valorarà la seva viabilitat.&#xd;
El projecte es separa en cinc blocs importants, als quals se li ha afegit un de complementari.&#xd;
Primerament es defineix l’habitatge i se’n calculen les necessitats energètiques amb&#xd;
mètodes teòrics. La demanda energètica teòrica de la calefacció es compararà amb la&#xd;
demanda real de l’últim any.&#xd;
En el segon bloc es desenvolupa tot el que fa referència a la zona de captació. Es&#xd;
dimensionarà l’àrea que s’ha de destinar als captadors i es calcularà quina cobertura anual&#xd;
ens poden aportar aquests. Això es farà per al sistema de calefacció i el d’ACS per separat.&#xd;
Seguidament es dimensionarà el sistema d’acumulació i es calcularan i es concretaran la&#xd;
resta d’elements del circuit primari, com ho són la xarxa de canonades, el fluid caloportador,&#xd;
el vas d’expansió, la bomba hidràulica, les vàlvules i els sistemes de regulació i control de la&#xd;
instal·lació. Altre cop això s’estudiarà per al sistema de calefacció i el d’ACS per separat.&#xd;
El quart bloc correspon a l’estudi de l’acoblament entre el circuit primari i el secundari. En el&#xd;
cas del sistema per a ACS això significa bàsicament connectar el dipòsit acumulador amb la&#xd;
xarxa de canonades de l’habitatge. Pel que fa al sistema de calefacció caldria acoblar el&#xd;
dipòsit interacumulador amb el sistema auxiliar, el qual ja estarà connectat al sistema de&#xd;
calefacció.&#xd;
Finalment el cinquè apartat consisteix en un estudi econòmic sobre les tres alternatives que&#xd;
s’han anat treballant al llarg del projecte (calefacció, ACS o les dues juntes). Amb aquest&#xd;
estudi es raonarà fins a quin punt pot ser rendible implementar aquestes instal·lacions.&#xd;
Com a punt complementari s’ha volgut estudiar per sobre les innovacions que estan sorgint&#xd;
relacionades amb aquest tipus d’energia. Algunes d’elles encara no estan al mercat i altres&#xd;
tot just hi estan entrant, però de ben segur que en milloraran la rendibilitat.</subfield>
   </datafield>
   <datafield tag="653" ind2=" " ind1=" ">
      <subfield code="a">Àrees temàtiques de la UPC::Energies</subfield>
   </datafield>
   <datafield tag="653" ind2=" " ind1=" ">
      <subfield code="a">Solar heating</subfield>
   </datafield>
   <datafield tag="653" ind2=" " ind1=" ">
      <subfield code="a">Hot-water supply</subfield>
   </datafield>
   <datafield tag="653" ind2=" " ind1=" ">
      <subfield code="a">Solar water heaters</subfield>
   </datafield>
   <datafield tag="653" ind2=" " ind1=" ">
      <subfield code="a">Calefacció solar</subfield>
   </datafield>
   <datafield tag="653" ind2=" " ind1=" ">
      <subfield code="a">Aigua calenta -- Abastament</subfield>
   </datafield>
   <datafield tag="653" ind2=" " ind1=" ">
      <subfield code="a">Escalfadors d'aigua solars</subfield>
   </datafield>
   <datafield ind2="0" ind1="0" tag="245">
      <subfield code="a">Instal·lació per ACS i calefacció solar a una masia : solucions de mercat i estudi d'alternatives innovadores</subfield>
   </datafield>
</record></metadata></record></GetRecord></OAI-PMH>